| 000 | 00800cam a2200217 4500 | ||
|---|---|---|---|
| 001 | ABS61372 | ||
| 008 | 000000n1999 000 0 eng u | ||
| 035 | _a(Sirsi) u100357 | ||
| 100 | _aMcIntosh, A | ||
| 245 | _aBond finance role set to increase in Europe | ||
| 260 | _c1999 | ||
| 490 |
_aProperty Forecast _v2(10) October 1999, 2-3(2) |
||
| 520 | _aConsiders why debt finance is set to increase as an important element of the European property investment market. Analyses bond yields in Europe, and looks at the growth of Commercial Mortgaged Backed Securities. Graphs. | ||
| 590 | _aABS | ||
| 650 | _aBOND YIELDS | ||
| 650 | _aCOMMERCIAL MORTGAGED BACKED SECURITIES | ||
| 650 | _aEUROPE | ||
| 650 | _aDEBT FINANCE | ||
| 690 | _aPROPERTY-PROPERTY FINANCE AND INVESTMENT | ||
| 942 | _n0 | ||
| 999 |
_c60060 _d60060 |
||